Rosa Milan 2025/2026 - Statistics

Statistiche generali
  • Questo quiz è stato fatto 142 volte
  • Il punteggio medio è 18 su 22
Statistiche sulle risposte
RUOLO GIOCATORE NAZIONE % Corretto
POR MAIGNAN FRANCIA
98%
DC GABBIA ITALIA
97%
DC PAVLOVIC SERBIA
97%
DC TOMORI INGHILTERRA
97%
AS LEAO PORTOGALLO
95%
CC MODRIC CROAZIA
95%
ATT GIMENEZ MESICO
94%
AD PULISIC USA
94%
CDC FOFANA FRANCIA
88%
CC RABIOT FRANCIA
88%
ATT NKUNKU FRANCIA
87%
TS BARTESAGHI ITALIA
86%
CC LOFTUS-CHEEK INGHILTERRA
86%
CDC RICCI ITALIA
86%
DC DE WINTER BELGIO
81%
ED SAELEMAEKERS BELGIO
80%
CDC JASHARI SVIZZERA
77%
POR TORRIANI ITALIA
72%
TD ATHEKAME SVIZZERA
70%
POR TERRACIANO ITALIA
63%
DC ODOGU GERMANIA
56%
TS ESTUPINIAN ECUADOR
55%
Nessun quiz corrispondente trovato
Distribuzione punteggi
Percentuale di utenti per punteggio
Percentile per numero di risposta
I tuoi punteggi nel tempo
Non hai fatto questo quiz